00737 2200277 4500001002100000005001500021035002500036090002100061245003300082260003900115300002900154008004100183020002200224040001700246082001600263084001800279100001600297850001200313999002100325990001500346990002100361990002100382990001500403990002000418990002100438YOGYA00000000008161720231219104223 a0010-081400000081334 aCB-D.11 2009-75401aYasin & tahlil /cM. Masykur31aYogyakarta :bCitra Risalah,c2009 aiv, 116 halaman ;c14 cm131203s2009 yoi g 000 0 ind d a978-979-3752-36-5 aYOPDYOGbind04223a297.122 a297.122 MAS y1 aMasykur, M. aYOPDYOG aCB-D.11/2009-754 a2009 - 755 aCB-D.11/2009-754 aCB-D.11/2009-754 a2009 - 755 a71706-PD/A.2023 aCB-D.11/2009-754